Picture Book Match-Up Quiz Stats

 Plays Quiz not verified by Sporcle

Score 0/20 Timer 10:00
0 Plays Today
% Correct
Dr. Seuss
92.9%
Margaret Wise Brown
22%
Eric Carle
21.6%
Chris Van Allsburg
21.2%
Robert McCloskey
20.8%
Bill Martin, Jr.
12.4%
Tomie DePaola
12.2%
Leo LIonni
10.8%
David Shannon
10.8%
Arnold Lobel
10.4%
% Correct
Kevin Henkes
9.4%
Ezra Jack Keats
9.4%
Doreen Cronin
8.8%
Donald Crews
8.4%
Verna Aardema
7.9%
Lois Ehlert
7.9%
Patricia Pollaco
6.7%
Cynthia Rylant
6.1%
Denise Fleming
5.5%
Patricia McKissack
4.5%

You're not logged in!

Compare scores with friends on all Sporcle quizzes.
OR
Log In

Sporcle TV

Today on Sporcle TV


Watch our educational content, quiz creation guides, and fun videos on Sporcle TV.

Show Comments

Extras

Top Quizzes Today


Score Distribution

Your Account Isn't Verified!

In order to create a playlist on Sporcle, you need to verify the email address you used during registration. Go to your Sporcle Settings to finish the process.

Report this User

Report this user for behavior that violates our Community Guidelines.

Details: